Finančné konglomeráty a stabilita finančného systému
Vymedzenie pojmu systémové riziko. Charakter systémového rizika. Problém stability systému. Možnosti zníženia systémového rizika. Riziko šírenia nákazy. Typy kanálov šírenia nákazy. Medzibankový trh a jeho problémy.
Salvato in:
| Autore principale: | |
|---|---|
| Natura: | Capitolo di libro |
| Lingua: | slovacco |
| Soggetti: | |
| Tags: |
Nessun Tag, puoi essere il primo ad aggiungerne!!
|
MARC
| LEADER | 00000nla$a2200000$$$4500 | ||
|---|---|---|---|
| 001 | 0065333 | ||
| 005 | 20231121080725.7 | ||
| 041 | 0 | |a slo | |
| 044 | |a SK | ||
| 245 | 1 | 0 | |a Finančné konglomeráty a stabilita finančného systému |c Miroslav Makúch |
| 520 | |a Vymedzenie pojmu systémové riziko. Charakter systémového rizika. Problém stability systému. Možnosti zníženia systémového rizika. Riziko šírenia nákazy. Typy kanálov šírenia nákazy. Medzibankový trh a jeho problémy. | ||
| 610 | 2 | 0 | |a trh finančný |
| 610 | 2 | 0 | |a riziko finančné |
| 100 | 1 | |a Makúch, Miroslav, 1981- | |